<The> Economic Development of Europe's Regions <A> Quantitative History Since 1900
Guardado en:
| Otros Autores: | , |
|---|---|
| Formato: | Libro |
| Lenguaje: | inglés |
| Publicado: |
Abingdon
Routledge/Taylor & Francis Group
2019
|
| Colección: | Routledge Explorations in Economic History
|
| Materias: | |
| Etiquetas: |
Sin Etiquetas, Sea el primero en etiquetar este registro!
|
MARC
| LEADER | 00000nam a2200000 4500 | ||
|---|---|---|---|
| 001 | 0256298 | ||
| 005 | 20240221111259.9 | ||
| 020 | |a 978-0-415-72338-1 | ||
| 041 | 0 | |a eng | |
| 044 | |a GB | ||
| 245 | 1 | 0 | |a <The> Economic Development of Europe's Regions |b <A> Quantitative History Since 1900 |c Edited by: Joan Ramón Rosés and Nikolaus Wolf |
| 264 | 1 | |a Abingdon |b Routledge/Taylor & Francis Group |c 2019 | |
| 300 | |a 436 s. | ||
| 490 | 1 | |a Routledge Explorations in Economic History | |
| 830 | 0 | |a Routledge Explorations in Economic History | |
| 610 | 2 | 0 | |a vývoj hospodársky |
| 610 | 2 | 0 | |a ekonomika regionálna |
| 610 | 2 | 0 | |a regióny |
| 610 | 2 | 0 | |a nerovnosť |
| 610 | 2 | 0 | |a produkt národný hrubý |
| 610 | 2 | 0 | |a nerovnosť príjmová |
| 610 | 2 | 0 | |a rast hospodársky |
| 610 | 2 | 0 | |a porovnanie štatistické medzinárodné |
| 610 | 2 | 0 | |a Európa |
| 610 | 2 | 0 | |a USA |
| 700 | 1 | |a Rosés, Joan Ramón | |
| 700 | 1 | |a Wolf, Nikolaus | |